[Event "New England Club Tourney for Under 1800"]
[Site "SchemingMind.com"]
[Date "2012.01.14"]
[Round "-"]
[White "Odinson"]
[Black "rapscallion"]
[Result "1/2-1/2"]
[WhiteCountry "USA"]
[BlackCountry "ENG"]
[WhiteElo "1663"]
[WhiteRD "76"]
[BlackElo "1636"]
[BlackRD "100"]
[GameID "301301"]

1. e4 c6 2. f4 d5 3. e5 Bf5 4. d4 e6 5. Nf3 Be7 6. Be2 c5 7. c3 Nc6 8. Bb5 Qb6 9. Bxc6+ bxc6 10. O-O cxd4
11. Nxd4 Bc5 12. Kh1 Bxd4 13. cxd4 Ne7 14. Nc3 Be4 15. Nxe4 dxe4 16. b3 O-O 17. Re1 Nf5 18. Bb2 Rfd8 19. Rxe4 c5 20. Qg1 Qb4
21. Rd1 Rd5 22. g4 Nxd4 23. Bxd4 cxd4 24. Rexd4 Qb7 25. Rxd5 exd5 26. Qd4 Rd8 27. Kg1 Qd7 28. f5 Qc7 29. Kf2 Qc2+ 30. Rd2 Qb1
31. Qxa7 Qe4 32. Qd4 Qh1 33. Kg3 Qe1+ 34. Kf3 h5 35. gxh5 Qf1+ 36. Qf2 Qh3+ 37. Ke2 Qxh5+ 38. Ke1 Qg5 39. e6 fxe6 40. fxe6 Qe5+
41. Qe2 Qa1+ 42. Kf2 Qf6+ 43. Ke1 Re8 44. Rd3 Rxe6 45. Re3 Qa1+ 46. Kf2 Rf6+ 47. Rf3 Qd4+ 48. Kg2 Rg6+ 49. Rg3 Rxg3+ 50. hxg3 g6
51. Qe8+=
1/2-1/2

[Event "New England Club Tourney for Under 1800"]
[Site "SchemingMind.com"]
[Date "2012.04.09"]
[Round "-"]
[White "Odinson"]
[Black "guyhayton"]
[Result "0-1"]
[WhiteCountry "USA"]
[BlackCountry "ENG"]
[WhiteElo "1680"]
[WhiteRD "81"]
[BlackElo "1709"]
[BlackRD "100"]
[GameID "307905"]

1. e4 c5 2. Nc3 d6 3. f4 Nc6 4. Nf3 g6 5. Bc4 Bg7 6. Ng5 e6 7. d3 Nge7 8. O-O O-O 9. Qg4 d5 10. Bb5 Nd4
11. Ba4 h6 12. Nf3 dxe4 13. Nxd4 Qxd4+ 14. Kh1 Nd5 15. Nxd5 exd5 16. Qe2 Qxa4 17. dxe4 Qxe4 18. Qd2 Re8 19. h3 Bxh3 20. Rb1 Bf5
21. b3 Qxc2 22. Qxc2 Bxc2 23. Ba3 Bxb1 24. Rxb1 b6 25. Rd1 Re2 26. Bc1 Rae8 27. Bd2 R8e4 28. b4 Rd4
0-1

[Event "New England Club Tourney for Under 1800"]
[Site "SchemingMind.com"]
[Date "2012.04.09"]
[Round "-"]
[White "guyhayton"]
[Black "Odinson"]
[Result "1-0"]
[WhiteCountry "ENG"]
[BlackCountry "USA"]
[WhiteElo "1709"]
[WhiteRD "100"]
[BlackElo "1680"]
[BlackRD "81"]
[GameID "307911"]

1. d4 f5 2. g3 g6 3. Bg2 Bg7 4. Nf3 Nf6 5. O-O O-O 6. c4 d6 7. Nc3 c6 8. d5 cxd5 9. cxd5 Nbd7 10. Nd4 Nb6
11. Bg5 h6 12. Bc1 g5 13. f4 g4 14. Qd3 Qd7 15. Ne6 Rf7 16. Qxf5 h5 17. Qg6 Rb8 18. e4 Qe8 19. e5 dxe5 20. Nc7 Qd7
21. fxe5 Qxc7 22. e6 Qc5+ 23. Kh1 Rf8 24. Bh6 Ne8 25. Rxf8+ Kxf8 26. Qf7#
1-0